| 000 | 00865cam a2200265 a 4500 | ||
|---|---|---|---|
| 020 | _a0538669004 (acidfree paper) | ||
| 040 | _cDLC | ||
| 082 | 0 | 0 | _a500 THO 1997 A031 Or. |
| 100 | 1 | _aSokolis, Gary E., | |
| 245 | 1 | 0 | _aScience probe I / |
| 246 | 3 | _aScience probe 1 | |
| 246 | 3 | _aScience probe one | |
| 260 |
_aCincinnati : _bThomson Science, _cc1997. |
||
| 300 |
_axv, 553 p. : _bill. (some col.), col. maps ; _c26 cm. |
||
| 500 | _aAt head of title: South-Western. | ||
| 500 | _a"This product is adapted from Nelson Canada's Science probe 9." | ||
| 500 | _aIncludes index. | ||
| 520 | _aA collection of experiments concentrating on earth, space, physics, chemistry, and life science. | ||
| 650 | 0 | _aScience | |
| 650 | 1 | _aScience | |
| 650 | 1 | _aExperiments. | |
| 700 | 1 | _aThee, Susan S. | |
| 710 | 2 | _aSouth-western Publishing Company. | |
| 942 | _cEK | ||
| 999 |
_c11926 _d11926 |
||